With profound respects, (Record no. 74276)

MARC details
000 -LEADER
fixed length control field 00551cam a22001931 4500
001 - CONTROL NUMBER
control field sa 67004115
003 - CONTROL NUMBER IDENTIFIER
control field DLC
005 - DATE AND TIME OF LATEST TRANSACTION
control field 20260227112344.0
008 - FIXED-LENGTH DATA ELEMENTS--GENERAL INFORMATION
fixed length control field 090520s1967 ii c 000 0 eng
010 ## - LIBRARY OF CONGRESS CONTROL NUMBER
LC control number sa 67004115
020 ## - INTERNATIONAL STANDARD BOOK NUMBER
Terms of availability Rs7.50
040 ## - CATALOGING SOURCE
Original cataloging agency DLC
Transcribing agency DLC
Modifying agency DLC
050 00 - LIBRARY OF CONGRESS CALL NUMBER
Classification number DS481.R28
Item number C45
100 1# - MAIN ENTRY--PERSONAL NAME
Personal name Chidambaram, S.
245 10 - TITLE STATEMENT
Title With profound respects,
Statement of responsibility, etc. by S. Chidambaram.
260 ## - PUBLICATION, DISTRIBUTION, ETC.
Place of publication, distribution, etc. [Madras]
Name of publisher, distributor, etc. Higginbothams
Date of publication, distribution, etc. [1967]
300 ## - PHYSICAL DESCRIPTION
Extent xxi, 153 p.
Other physical details ports.
Dimensions 19 cm.
600 10 - SUBJECT ADDED ENTRY--PERSONAL NAME
Personal name Ramaswami Aiyar, C. P.
Fuller form of name (Chetpat Pattabhirama),
Dates associated with a name 1879-1966.

No items available.

Powered by Koha